[Event "Titled Tue 3rd Jun Early"]
[Site "chess.com INT"]
[Date "2025.06.03"]
[Round "4"]
[White "Stefanov, Plamen"]
[Black "Azizoglu, Ferzan"]
[Result "0-1"]
[WhiteElo "1982"]
[BlackElo "2055"]
[WhiteFideId "2900980"]
[BlackFideId "6302726"]
[EventDate "2025.06.03"]

1. e4 g6 2. d4 Bg7 3. Nc3 d6 4. Be3 a6 5. h4 h5 6. Nh3 b5 7. a3 Bb7 8. f3 Nd7 9.
Qd2 Rc8 10. Bd3 c5 11. dxc5 Nxc5 12. O-O Nf6 13. Ng5 O-O 14. Bd4 e5 15. Be3 Nxd3
16. cxd3 d5 17. Ne2 dxe4 18. dxe4 Qxd2 19. Bxd2 Rc2 20. Bb4 Rxe2 21. Bxf8 Bxf8
22. Rfc1 Ne8 23. b4 Be7 24. Rd1 Bd6 25. Kf1 Rc2 26. a4 Bc6 27. Rac1 Rxc1 28.
Rxc1 Bb7 29. axb5 axb5 30. Ra1 Bxb4 31. Ra7 Nd6 32. f4 Bc5 33. Ra5 Bb6 34. Ra1
exf4 35. e5 Nc4 36. e6 fxe6 37. Nxe6 Ne3+ 38. Ke2 Nxg2 39. Rb1 f3+ 40. Kd3 f2
41. Nd4 Ne1+ 42. Ke3 f1=Q 0-1

[Event "Titled Tue 3rd Jun Early"]
[Site "chess.com INT"]
[Date "2025.06.03"]
[Round "4"]
[White "Nguyen Thien Ngan"]
[Black "Kononenko, Dmitry2"]
[Result "0-1"]
[WhiteTitle "WIM"]
[BlackTitle "FM"]
[WhiteElo "1998"]
[BlackElo "2205"]
[WhiteFideId "12414816"]
[BlackFideId "14113538"]
[EventDate "2025.06.03"]

1. e4 d5 2. exd5 Qxd5 3. Nc3 Qa5 4. d4 Nf6 5. Nf3 Bg4 6. h3 Bh5 7. g4 Bg6 8. Ne5
e6 9. Bg2 c6 10. Bf4 Nbd7 11. Nc4 Qb4 12. Bf1 Ne4 13. a3 Nxc3 14. axb4 Nxd1 15.
Kxd1 Bxb4 16. c3 Be7 17. Bg2 O-O 18. h4 h5 19. g5 Nb6 20. Ne5 Bf5 21. Bf3 g6 22.
Kd2 Rfd8 23. Ke3 Bd6 24. b3 Nd5+ 25. Bxd5 cxd5 26. c4 dxc4 27. bxc4 a6 28. Ra2
Rac8 29. c5 Bf8 30. Rb2 Rc7 31. Nxg6 Rxc5 32. Nxf8 Rc3+ 33. Ke2 Rxd4 34. Be3 Ra4
35. g6 Kxf8 36. gxf7 b5 37. Rg1 Kxf7 38. Rd2 e5 39. Rg5 Ke6 40. f3 Rxh4 41. Bf2
Rh2 42. Rg8 e4 43. Re8+ Kf7 44. Re5 exf3+ 45. Ke1 Rh1+ 46. Bg1 Rxg1+ 47. Kf2
Rg2+ 48. Kf1 0-1

[Event "Titled Tue 3rd Jun Early"]
[Site "chess.com INT"]
[Date "2025.06.03"]
[Round "4"]
[White "Sanhueza, Cristian"]
[Black "Brenke, Andreas"]
[Result "1-0"]
[WhiteTitle "FM"]
[BlackTitle "FM"]
[WhiteElo "2182"]
[BlackElo "2349"]
[WhiteFideId "116815"]
[BlackFideId "4602900"]
[EventDate "2025.06.03"]

1. e4 c6 2. d4 d5 3. exd5 cxd5 4. c4 Nf6 5. Nc3 Nc6 6. Bg5 Be6 7. Be2 Qa5 8. c5
Ne4 9. Bd2 Nxd2 10. Qxd2 g6 11. h3 Bg7 12. Nf3 O-O 13. Bb5 Rad8 14. O-O Qc7 15.
Rfe1 Bf5 16. a3 a6 17. Bxc6 bxc6 18. b4 Be4 19. Nxe4 dxe4 20. Rxe4 Rd5 21. Rae1
e6 22. Qe2 a5 23. b5 cxb5 24. Qxb5 Rb8 25. Qa6 Rb3 26. a4 h6 27. Rc1 Rb4 28. c6
Rb6 29. Qa8+ Kh7 30. Ne5 Rd8 31. Qxa5 Rd5 32. Qxb6 Qxb6 33. c7 Bxe5 34. c8=Q
Bxd4 35. Re2 Rf5 36. Qc2 h5 37. Rb1 Qa7 38. Rb5 Rf6 39. Rxh5+ Kg7 40. Rb5 e5 41.
a5 1-0

[Event "Titled Tue 3rd Jun Early"]
[Site "chess.com INT"]
[Date "2025.06.03"]
[Round "4"]
[White "Mitrabha, Guha"]
[Black "Rosen, Eric"]
[Result "1-0"]
[WhiteTitle "GM"]
[BlackTitle "IM"]
[WhiteElo "2515"]
[BlackElo "2377"]
[WhiteFideId "5057000"]
[BlackFideId "2032562"]
[EventDate "2025.06.03"]

1. c4 e6 2. Nf3 d5 3. g3 d4 4. Bg2 Nc6 5. O-O Nh6 6. d3 Nf5 7. Na3 h5 8. h4 Be7
9. Nc2 e5 10. b4 f6 11. b5 Nb8 12. e3 dxe3 13. Nxe3 O-O 14. Nxf5 Bxf5 15. Nxe5
fxe5 16. Bxb7 Bg4 17. f3 Qd4+ 18. Kg2 Qxa1 19. fxg4 Qxa2+ 20. Kh3 Nd7 21. Bd5+
Kh8 22. Bxa8 Rxa8 23. Rf7 Re8 24. gxh5 Nf8 25. Qg4 Bf6 26. h6 Ne6 27. hxg7+ Bxg7
28. Rf5 Qb1 29. Qh5+ Kg8 30. Qg5 1-0

[Event "Titled Tue 3rd Jun Early"]
[Site "chess.com INT"]
[Date "2025.06.03"]
[Round "4"]
[White "Petrus, Adrian"]
[Black "Pacheco, Daniel"]
[Result "1-0"]
[WhiteTitle "CM"]
[BlackTitle "FM"]
[WhiteElo "2203"]
[BlackElo "2191"]
[WhiteFideId "14573652"]
[BlackFideId "101680"]
[EventDate "2025.06.03"]

1. e4 c5 2. Nf3 Nc6 3. Bb5 Qa5 4. Bxc6 dxc6 5. O-O Bg4 6. h3 Bh5 7. b3 e6 8. Bb2
Rd8 9. d3 Nf6 10. Qe2 Be7 11. Nbd2 O-O 12. Nc4 Qc7 13. a4 Nd7 14. a5 b5 15. axb6
axb6 16. g4 Bg6 17. Ra6 b5 18. Nce5 Nb8 19. Ra2 Nd7 20. Rfa1 Nxe5 21. Bxe5 Bd6
22. Ra7 Qb8 23. Ra8 Bxe5 24. Rxb8 Bxa1 25. Rb6 Rc8 26. Qe3 c4 27. bxc4 bxc4 28.
Qc5 cxd3 29. cxd3 e5 30. Kg2 f6 31. Rb7 Rf7 32. Rxf7 Bxf7 33. g5 Be6 34. gxf6
gxf6 35. Qe7 Bf7 36. Qxf6 Re8 37. Ng5 Bg6 38. h4 Bd4 39. Qxc6 Rf8 40. f3 Bh5 41.
Qe6+ Kg7 42. Qe7+ Bf7 43. Ne6+ 1-0

[Event "Titled Tue 3rd Jun Early"]
[Site "chess.com INT"]
[Date "2025.06.03"]
[Round "4"]
[White "Sarveshwaran V"]
[Black "Guliev, Gasan"]
[Result "0-1"]
[WhiteTitle "CM"]
[BlackTitle "CM"]
[WhiteElo "2290"]
[BlackElo "2123"]
[WhiteFideId "25699016"]
[BlackFideId "34165638"]
[EventDate "2025.06.03"]

1. e4 c5 2. Nc3 Nc6 3. f4 e6 4. Nf3 Nh6 5. d3 f5 6. g3 Be7 7. Bg2 O-O 8. O-O b6
9. e5 Bb7 10. Nb5 a6 11. Nd6 Bxd6 12. exd6 Nf7 13. d4 cxd4 14. Nxd4 Qc8 15. Be3
Nxd4 16. Bxd4 Bxg2 17. Kxg2 Qc6+ 18. Kg1 Rac8 19. c3 Nxd6 20. Qe2 b5 21. Qe5 Rf7
22. Qe2 Ne4 23. a3 h6 24. Rae1 a5 25. Rc1 a4 26. Rc2 Qc4 27. Rfc1 Qxe2 28. Rxe2
Rc4 29. Rd1 d6 30. Kg2 Rd7 31. h3 Kf7 32. Be3 Rcc7 33. Bb6 Rb7 34. Be3 e5 35.
Kf3 Ke6 36. g4 g6 37. h4 Nf6 38. gxf5+ gxf5 39. fxe5 dxe5 40. Rxd7 Rxd7 41. Bxh6
Ng4 42. Bg5 Rd3+ 43. Kg2 Kf7 44. Rc2 f4 45. Kg1 Rd1+ 46. Kg2 Ne3+ 47. Kf3 Nxc2
48. Ke4 Ke6 49. h5 Rh1 50. Kf3 Kf5 51. Bxf4 exf4 52. h6 Rxh6 53. c4 bxc4 54. b4
axb3 55. a4 b2 56. a5 b1=Q 57. a6 Qf1# 0-1

[Event "Titled Tue 3rd Jun Early"]
[Site "chess.com INT"]
[Date "2025.06.03"]
[Round "4"]
[White "Gadzhiev, Ruslan"]
[Black "Sychev, Klementy"]
[Result "0-1"]
[WhiteTitle "CM"]
[BlackTitle "GM"]
[WhiteElo "2169"]
[BlackElo "2542"]
[WhiteFideId "55671926"]
[BlackFideId "4114060"]
[EventDate "2025.06.03"]

1. e4 e5 2. Nf3 Nc6 3. Bb5 a6 4. Ba4 Nge7 5. O-O Ng6 6. Re1 Bc5 7. c3 Nh4 8. d3
O-O 9. Be3 Bxe3 10. Rxe3 Nxf3+ 11. Rxf3 d6 12. h3 Kh8 13. Nd2 f5 14. exf5 Bxf5
15. Bb3 Bg6 16. Bd5 Qd7 17. Qb3 Rxf3 18. Bxf3 Nd8 19. d4 exd4 20. cxd4 Bf7 21.
Qc3 d5 22. Re1 Qd6 23. Nb3 b6 24. Nc1 Ne6 25. Nd3 Bg8 26. b4 Rf8 27. Bg4 Nf4 28.
Nxf4 Qxf4 29. Qe3 Qxe3 30. fxe3 g6 31. Rc1 Re8 32. Kf2 Re7 33. Be2 b5 34. Rc6
Rf7+ 35. Bf3 Re7 36. Rxa6 Kg7 37. Rc6 Bf7 38. Rc5 c6 39. Rxc6 Ra7 40. Rc7 Rxc7 0-1

[Event "Titled Tue 3rd Jun Early"]
[Site "chess.com INT"]
[Date "2025.06.03"]
[Round "4"]
[White "Moskalenko, Alexander"]
[Black "Deng, Henry"]
[Result "1-0"]
[WhiteTitle "GM"]
[BlackTitle "FM"]
[WhiteElo "2422"]
[BlackElo "2327"]
[WhiteFideId "4155351"]
[BlackFideId "30965454"]
[EventDate "2025.06.03"]

1. e4 c5 2. Nf3 e6 3. b3 Nc6 4. Bb5 Nge7 5. Bb2 a6 6. Bxc6 Nxc6 7. c4 Be7 8. O-O
O-O 9. d4 cxd4 10. Nxd4 d5 11. Nd2 Nxd4 12. Bxd4 dxc4 13. Nxc4 b5 14. Nb6 Rb8
15. Nxc8 Rxc8 16. Be3 h6 17. Qg4 Kh8 18. Rad1 Qc7 19. Bd4 e5 20. Be3 Rfd8 21. g3
Bc5 22. Rc1 Qe7 23. b4 Bxe3 24. Rxc8 Bd4 25. Rfc1 Rxc8 26. Rxc8+ Kh7 27. Qf3 g6
28. a3 Kg7 29. Kg2 Qe6 30. Rc7 h5 31. h4 Kf8 32. Rc2 Kg7 33. Qd3 Kh7 34. Rd2 Kg7
35. Qc2 g5 36. hxg5 h4 37. Qd1 Qg6 38. Qg4 hxg3 39. Kxg3 Qh7 40. Kg2 Qg6 41. Rd3
Qc6 42. Rf3 Qc2 43. Qf5 Qa2 44. Qf6+ Kg8 45. g6 fxg6 46. Qxg6+ Kh8 47. Rh3# 1-0

[Event "Titled Tue 3rd Jun Early"]
[Site "chess.com INT"]
[Date "2025.06.03"]
[Round "4"]
[White "Kholyavko, Mariya"]
[Black "Diaz Vasquez, Martin"]
[Result "0-1"]
[WhiteTitle "WFM"]
[BlackTitle "CM"]
[WhiteElo "2130"]
[BlackElo "2266"]
[WhiteFideId "13748505"]
[BlackFideId "3410579"]
[EventDate "2025.06.03"]

1. d4 Nf6 2. Nf3 d5 3. g3 e6 4. Bg2 Bd6 5. O-O h6 6. Nbd2 O-O 7. c4 c5 8. cxd5
exd5 9. dxc5 Bxc5 10. Nb3 Bb6 11. Bf4 Nc6 12. Rc1 Re8 13. e3 Ne4 14. Nfd4 Bd7
15. Nb5 Be6 16. N3d4 Rc8 17. Nxe6 Rxe6 18. Bh3 g5 19. Bxe6 fxe6 20. Qg4 Qd7 21.
h4 Nf6 22. Qf3 gxf4 23. Qxf4 Qg7 24. Kg2 Rf8 25. Qd6 Qf7 26. Qf4 Kg7 27. f3 Qg6
28. Qd6 Nh5 29. g4 Bxe3 30. Rce1 Nf4+ 31. Kg3 Qc2 32. Rg1 Qf2# 0-1

[Event "Titled Tue 3rd Jun Early"]
[Site "chess.com INT"]
[Date "2025.06.03"]
[Round "4"]
[White "Iljin, Timofey"]
[Black "Dovgaliuk, Oleksandr"]
[Result "0-1"]
[WhiteTitle "IM"]
[WhiteElo "2242"]
[BlackElo "2240"]
[WhiteFideId "14110180"]
[BlackFideId "14167247"]
[EventDate "2025.06.03"]

1. e4 c5 2. Nc3 a6 3. g3 b5 4. Bg2 Bb7 5. d3 e6 6. Nh3 d6 7. O-O Nd7 8. f4 Qc7
9. f5 e5 10. Ng5 Ngf6 11. Nd5 Nxd5 12. exd5 h6 13. Ne6 fxe6 14. fxe6 Nf6 15. c4
O-O-O 16. b4 Be7 17. Be3 bxc4 18. dxc4 Kb8 19. Rb1 Ka8 20. bxc5 dxc5 21. Rxb7
Qxb7 22. d6 e4 23. Rxf6 gxf6 24. Qc2 f5 25. dxe7 Qxe7 26. h4 Qxe6 27. g4 Rhg8
28. g5 hxg5 29. hxg5 Qe5 30. Qa4 Rd6 31. Qa5 Qg3 32. Qxc5 Rd1# 0-1

[Event "Titled Tue 3rd Jun Early"]
[Site "chess.com INT"]
[Date "2025.06.03"]
[Round "4"]
[White "Rubio, Lloyd"]
[Black "Moghaddamian, Afshin"]
[Result "1-0"]
[BlackTitle "CM"]
[WhiteElo "2167"]
[BlackElo "2126"]
[WhiteFideId "5210453"]
[BlackFideId "12503886"]
[EventDate "2025.06.03"]

1. d4 Nf6 2. c4 g6 3. Nc3 d5 4. Bg5 Ne4 5. Bf4 Nxc3 6. bxc3 dxc4 7. e3 Be6 8.
Nf3 Bg7 9. Ne5 c5 10. Qa4+ Nd7 11. Bxc4 Bxc4 12. Nxc4 O-O 13. O-O a6 14. Na5 b5
15. Qa3 Qb6 16. Rab1 Rfc8 17. Nb3 cxd4 18. cxd4 Bf8 19. Qb2 Rc4 20. Nd2 Rcc8 21.
Rfc1 Qb7 22. a4 Rxc1+ 23. Rxc1 Nf6 24. Rc7 Qb6 25. Rc2 Nd5 26. Be5 b4 27. Nb3 a5
28. Rc5 e6 29. Rc4 Qa6 30. Qc2 Nc3 31. Rc7 Nxa4 32. Nc5 Nxc5 33. dxc5 a4 34. Qe4
a3 35. Qf4 f5 36. Qh4 1-0

[Event "Titled Tue 3rd Jun Early"]
[Site "chess.com INT"]
[Date "2025.06.03"]
[Round "4"]
[White "Abdsattar, Alisher"]
[Black "Jain, Kashish Manoj"]
[Result "1-0"]
[WhiteTitle "CM"]
[BlackTitle "IM"]
[WhiteElo "2030"]
[BlackElo "2429"]
[WhiteFideId "13749358"]
[BlackFideId "35081098"]
[EventDate "2025.06.03"]

1. e4 c5 2. Nf3 a6 3. d4 cxd4 4. Nxd4 Nf6 5. Nc3 e5 6. Nb3 Bb4 7. f3 d5 8. exd5
Nxd5 9. a3 Bxc3+ 10. bxc3 O-O 11. c4 Nc3 12. Qxd8 Rxd8 13. Bb2 Na4 14. Bxe5 Re8
15. O-O-O Nc6 16. Ba1 Be6 17. Bd3 Nb6 18. c5 Nc4 19. Bxc4 Bxc4 20. Rhe1 Rxe1 21.
Rxe1 f6 22. Nd2 Bd5 23. c4 Bf7 24. Bc3 f5 25. g4 fxg4 26. fxg4 Re8 27. Rxe8+
Bxe8 28. Ne4 Nd8 29. Nd6 Bc6 30. Kd2 Ne6 31. Bb4 Nd4 32. Ke3 Nf3 33. h3 g6 34.
Kf4 Kg7 35. Bc3+ Kf8 36. Ne4 Bxe4 37. Kxe4 Ng5+ 38. Kd5 Nxh3 39. Kd6 Nf2 40. Kc7
Ne4 41. Bb4 Ke8 42. Kxb7 Kd8 43. c6 1-0

[Event "Titled Tue 3rd Jun Early"]
[Site "chess.com INT"]
[Date "2025.06.03"]
[Round "4"]
[White "Suarez, Pedro"]
[Black "Zieba, Hubert"]
[Result "0-1"]
[WhiteTitle "CM"]
[BlackTitle "CM"]
[WhiteElo "2066"]
[BlackElo "2233"]
[WhiteFideId "3007642"]
[BlackFideId "21844704"]
[EventDate "2025.06.03"]

1. d4 d5 2. c4 dxc4 3. Nf3 Nf6 4. e3 e6 5. Bxc4 Be7 6. O-O O-O 7. Nc3 c5 8. a3
cxd4 9. exd4 a6 10. h3 b5 11. Ba2 Bb7 12. Bf4 Nc6 13. Rc1 Na5 14. Re1 Rc8 15.
Ne5 Nc4 16. Nxc4 bxc4 17. Bb1 Nd5 18. Be5 Bf6 19. Qg4 Bxe5 20. dxe5 Nxc3 21.
Rxc3 Bd5 22. Rg3 g6 23. h4 h5 24. Qxh5 Rc7 25. Qh6 c3 26. h5 c2 27. hxg6 f5 28.
exf6 Qxf6 29. Bxc2 Qxf2+ 30. Kh2 Qxe1 31. g7 Qxg3+ 32. Kxg3 Rxg7+ 33. Kh2 Rxg2+
34. Kh3 Rf3+ 35. Kxg2 Rf6+ 36. Kg3 Rxh6 0-1

[Event "Titled Tue 3rd Jun Early"]
[Site "chess.com INT"]
[Date "2025.06.03"]
[Round "4"]
[White "Sakun, Volodymyr"]
[Black "Ristic, Nebojsa M"]
[Result "1-0"]
[WhiteTitle "FM"]
[BlackTitle "IM"]
[WhiteElo "2301"]
[BlackElo "2248"]
[WhiteFideId "14114062"]
[BlackFideId "900850"]
[EventDate "2025.06.03"]

1. d4 Nf6 2. Nf3 g6 3. c4 Bg7 4. Nc3 O-O 5. e4 d6 6. Be2 e5 7. Be3 Nc6 8. d5 Ne7
9. Nd2 Ne8 10. f3 f5 11. c5 f4 12. Bf2 g5 13. Rc1 a6 14. b4 Nf6 15. Nc4 Rf7 16.
cxd6 cxd6 17. Nb6 Rb8 18. b5 Bf8 19. bxa6 bxa6 20. Nxc8 Rxc8 21. O-O Qa5 22. Qa4
Qxa4 23. Nxa4 a5 24. Rxc8 Nxc8 25. Rc1 Ne7 26. Bb6 Ng6 27. Rc7 Be7 28. Bxa5 Rf8
29. Bc3 Ra8 30. Bb5 g4 31. Kf2 h5 32. g3 Kf8 33. Bc6 Rb8 34. Rb7 Rxb7 35. Bxb7
h4 36. Ba6 fxg3+ 37. hxg3 h3 38. Be2 Nf4 39. gxf4 exf4 40. fxg4 Nxe4+ 41. Kf3
Bg5 42. Kxe4 h2 43. Bf3 1-0

[Event "Titled Tue 3rd Jun Early"]
[Site "chess.com INT"]
[Date "2025.06.03"]
[Round "4"]
[White "Goldin, Roman"]
[Black "Smirnov, Mark"]
[Result "0-1"]
[WhiteTitle "FM"]
[BlackTitle "FM"]
[WhiteElo "2296"]
[BlackElo "2348"]
[WhiteFideId "2803860"]
[BlackFideId "13764594"]
[EventDate "2025.06.03"]

1. Nf3 Nc6 2. e4 d6 3. d4 Nf6 4. Nc3 Bg4 5. Be3 e5 6. d5 Nb8 7. Be2 Be7 8. Nd2
Bxe2 9. Qxe2 c6 10. O-O O-O 11. a4 cxd5 12. exd5 Nbd7 13. a5 a6 14. b4 Rc8 15.
Qd3 Ng4 16. Na4 f5 17. Nb6 Nxb6 18. Bxb6 Qe8 19. f3 e4 20. fxe4 Ne5 21. Qb3 Bg5
22. Nf3 Nxf3+ 23. Qxf3 fxe4 24. Qxf8+ Qxf8 25. Rxf8+ Kxf8 26. Re1 Rc4 27. c3 Bd2
28. Rf1+ Ke8 29. Bd4 e3 30. Rf3 Rxd4 31. cxd4 e2 0-1

[Event "Titled Tue 3rd Jun Early"]
[Site "chess.com INT"]
[Date "2025.06.03"]
[Round "4"]
[White "Viana, Dirceu"]
[Black "Dambaev, Dashi"]
[Result "0-1"]
[WhiteTitle "FM"]
[BlackTitle "CM"]
[WhiteElo "2188"]
[BlackElo "2211"]
[WhiteFideId "2101360"]
[BlackFideId "55628494"]
[EventDate "2025.06.03"]

1. Nf3 Nf6 2. b3 c5 3. Bb2 d6 4. c4 e5 5. d3 Nc6 6. g3 g6 7. Bg2 Bg7 8. O-O O-O
9. Nc3 h6 10. Ne1 Be6 11. Rc1 Qd7 12. a3 Bh3 13. Qd2 Bxg2 14. Nxg2 d5 15. cxd5
Nxd5 16. Nxd5 Qxd5 17. b4 cxb4 18. axb4 a6 19. Ne3 Qe6 20. Nc4 Rad8 21. Na5 Nd4
22. Bxd4 exd4 23. Nxb7 Rd5 24. Nc5 Qh3 25. f3 h5 26. Ne4 Qe6 27. Rc5 f5 28. Rxd5
Qxd5 29. Nc5 a5 30. Rc1 axb4 31. Qxb4 Kh7 32. Qb7 Qe5 33. f4 Qe3+ 34. Kf1 Qxc1+
35. Kf2 Qxc5 0-1

[Event "Titled Tue 3rd Jun Early"]
[Site "chess.com INT"]
[Date "2025.06.03"]
[Round "4"]
[White "Odegov, Artem"]
[Black "Khazhatuly, Alikhan"]
[Result "1-0"]
[WhiteTitle "FM"]
[BlackTitle "CM"]
[WhiteElo "2244"]
[BlackElo "2196"]
[WhiteFideId "34183644"]
[BlackFideId "13731335"]
[EventDate "2025.06.03"]

1. d4 d5 2. c4 e6 3. Nf3 Nf6 4. Qc2 Be7 5. g3 O-O 6. Bg2 dxc4 7. O-O c6 8. a4 a5
9. Nbd2 b5 10. b3 cxb3 11. Nxb3 Bb7 12. Nc5 Bxc5 13. dxc5 b4 14. Bf4 Nbd7 15.
Rad1 Re8 16. Bd6 Nd5 17. h4 e5 18. Ng5 N7f6 19. Rd2 h6 20. Ne4 Nxe4 21. Bxe4 Nc3
22. Bh7+ Kh8 23. Bf5 Qf6 24. h5 e4 25. Bh3 Ba6 26. Bf4 Rad8 27. Re1 Rxd2 28.
Qxd2 Rd8 29. Qe3 Bc4 30. Bc7 Ra8 31. Bf1 b3 32. Qd2 Nxa4 33. f4 b2 34. Be5 Qe7
35. Qe3 Qb7 36. f5 b1=Q 37. Qxh6+ Kg8 38. Qxg7# 1-0

[Event "Titled Tue 3rd Jun Early"]
[Site "chess.com INT"]
[Date "2025.06.03"]
[Round "4"]
[White "Logachiov, Aleksandr"]
[Black "Ambartsumova, Karina"]
[Result "1-0"]
[WhiteTitle "CM"]
[BlackTitle "IM"]
[WhiteElo "2129"]
[BlackElo "2403"]
[WhiteFideId "24123706"]
[BlackFideId "4166299"]
[EventDate "2025.06.03"]

1. d4 Nf6 2. Bg5 Ne4 3. Bf4 g6 4. f3 Nf6 5. e4 Bg7 6. Nc3 d6 7. Qd2 Nbd7 8.
O-O-O O-O 9. Bh6 c5 10. dxc5 Nxc5 11. e5 Ne8 12. Bxg7 Kxg7 13. h4 h5 14. Bc4 Be6
15. exd6 Nxd6 16. Qd4+ f6 17. Qxc5 Rc8 18. Qxa7 Bxc4 19. Nh3 Bf7 20. Nf4 Rxc3
21. bxc3 Qc7 22. Rd3 Nb5 23. Qe3 e5 24. Ne2 Ra8 25. Rhd1 Rxa2 26. Qe4 Ra1+ 27.
Kd2 Nd6 28. Qb4 Ra6 29. Ke1 Bc4 30. Rxd6 Kh6 31. Rxa6 bxa6 32. Qf8+ Qg7 33.
Qxg7+ Kxg7 34. Rd7+ 1-0

[Event "Titled Tue 3rd Jun Early"]
[Site "chess.com INT"]
[Date "2025.06.03"]
[Round "4"]
[White "Martin Fuentes, Alberto"]
[Black "Manukian, Artak"]
[Result "1/2-1/2"]
[WhiteTitle "FM"]
[WhiteElo "2376"]
[BlackElo "2104"]
[WhiteFideId "2292289"]
[BlackFideId "13301373"]
[EventDate "2025.06.03"]

1. e4 c6 2. Nc3 d5 3. g3 dxe4 4. Nxe4 Nf6 5. Qe2 Nxe4 6. Qxe4 Qd5 7. Bg2 Qxe4+
8. Bxe4 Nd7 9. d4 Nf6 10. Bg2 Bf5 11. c3 Be4 12. Nf3 e6 13. O-O Be7 14. Re1 Bd5
15. b3 Rd8 16. Bg5 h6 17. Bf4 O-O 18. Rad1 Bd6 19. Be5 b5 20. Rd2 a5 21. Rc1
Bxf3 22. Bxd6 Rxd6 23. Bxf3 Rfd8 24. Re2 b4 25. cxb4 axb4 26. Rxc6 Rxc6 27. Bxc6
Rxd4 28. Bb5 g5 29. Bc4 Kf8 30. h3 Ke7 31. Kg2 Kd6 32. f3 h5 33. Kf2 Nd5 34. Rc2
h4 35. Bxd5 hxg3+ 36. Kxg3 Kxd5 37. Rc7 f6 38. Rb7 Ke5 39. Rb5+ Kd6 40. Ra5 e5
41. Ra6+ Ke7 42. Rc6 Kf7 43. Rc4 Rxc4 44. bxc4 f5 45. h4 gxh4+ 46. Kxh4 Kf6 47.
c5 Ke6 48. Kg5 e4 49. fxe4 fxe4 50. Kf4 Kd5 51. c6 Kxc6 52. Kxe4 Kb5 53. Kd4 Ka4
54. Kc4 Ka3 55. Kb5 Kxa2 56. Kxb4 1/2-1/2

[Event "Titled Tue 3rd Jun Early"]
[Site "chess.com INT"]
[Date "2025.06.03"]
[Round "4"]
[White "Kodithuwakku, K K Dinujaya"]
[Black "Deveci, Huseyin Said"]
[Result "0-1"]
[WhiteTitle "CM"]
[BlackTitle "CM"]
[WhiteElo "2011"]
[BlackElo "2212"]
[WhiteFideId "9998845"]
[BlackFideId "26322455"]
[EventDate "2025.06.03"]

1. d4 Nf6 2. Nc3 d5 3. Bf4 c5 4. e4 cxd4 5. Qxd4 Nc6 6. Bb5 Bd7 7. Bxc6 bxc6 8.
exd5 cxd5 9. Nxd5 Nxd5 10. Qxd5 e6 11. Qd2 Bc6 12. Qxd8+ Rxd8 13. f3 f6 14. Ne2
e5 15. Be3 a6 16. Kf2 Be7 17. c4 Kf7 18. a3 f5 19. Rhd1 f4 20. Bb6 Rc8 21. Nc3
g5 22. b4 h5 23. c5 g4 24. a4 gxf3 25. gxf3 Rhg8 26. Ne4 Bh4+ 27. Kf1 Ke6 28.
Rd6+ Kf5 29. Nd2 Be7 30. Rh6 Rg5 31. h4 Rg3 32. Rxh5+ Ke6 33. Re1 Bf6 34. Rh6
Bxa4 35. Kf2 Rcg8 0-1

[Event "Titled Tue 3rd Jun Early"]
[Site "chess.com INT"]
[Date "2025.06.03"]
[Round "4"]
[White "Iskusnyh, Sergei"]
[Black "Fedorov, Artem Alek"]
[Result "1-0"]
[WhiteTitle "GM"]
[BlackTitle "CM"]
[WhiteElo "2440"]
[BlackElo "2198"]
[WhiteFideId "4120027"]
[BlackFideId "34418431"]
[EventDate "2025.06.03"]

1. d4 d5 2. c4 e6 3. g3 Nf6 4. Bg2 dxc4 5. Qa4+ Nbd7 6. Qxc4 c5 7. Nf3 a6 8. Qc2
b5 9. Ne5 Nd5 10. Nc3 Nxe5 11. Nxd5 exd5 12. dxe5 Be6 13. O-O Qd7 14. Rd1 Rd8
15. Be3 d4 16. b4 Bc4 17. bxc5 Bxc5 18. Bxd4 Bxd4 19. e3 Bxa1 20. Rxd7 Kxd7 21.
Qd1+ Ke7 22. Qxa1 Be2 23. Bf1 Rd1 24. Qc3 Rxf1+ 25. Kg2 Bc4 26. Qa3+ Ke6 27.
Qd6+ Kf5 28. f3 f6 29. g4+ Kg6 30. e6 Re8 31. f4 Re1 32. f5+ Kh6 33. Qg3 g5 34.
Qxe1 Bxe6 35. fxe6 Rxe6 36. Qc3 Re4 37. Qxf6# 1-0

[Event "Titled Tue 3rd Jun Early"]
[Site "chess.com INT"]
[Date "2025.06.03"]
[Round "4"]
[White "Thorhallsson, Simon"]
[Black "Hansen, Sune Berg"]
[Result "1-0"]
[WhiteTitle "FM"]
[BlackTitle "GM"]
[WhiteElo "2218"]
[BlackElo "2503"]
[WhiteFideId "2310090"]
[BlackFideId "1400266"]
[EventDate "2025.06.03"]

1. g3 g6 2. Bg2 Bg7 3. d3 c5 4. Nf3 Nc6 5. O-O e5 6. Nc3 Nge7 7. e4 O-O 8. Nd2
d6 9. Nc4 Be6 10. Ne3 Qd7 11. Ned5 Rab8 12. a4 f5 13. f4 Nd4 14. Nxe7+ Qxe7 15.
exf5 Bxf5 16. Nd5 Qd7 17. Be3 exf4 18. Rxf4 Rbe8 19. c3 Nc6 20. Qd2 Ne5 21. Raf1
Bxd3 22. Rxf8+ Rxf8 23. Rxf8+ Kxf8 24. Bg5 Qf5 25. Be7+ Kf7 26. Bxd6 Nc4 27. Qe1
Qe6 28. Qf2+ Bf5 29. Bxc5 Ne5 30. Nc7 Qd7 31. Bd5+ Kf6 32. Bd6 Ng4 33. Qd4+ Kg5
34. Qf4+ Kh5 35. h3 Bh6 36. hxg4+ Bxg4 37. Qe5+ Bg5 38. Ne6 Bxe6 39. Bxe6 Qxa4
40. g4+ Kh4 41. Qh2# 1-0

[Event "Titled Tue 3rd Jun Early"]
[Site "chess.com INT"]
[Date "2025.06.03"]
[Round "4"]
[White "Troltenier, Dirk"]
[Black "Arslanov, Shamil"]
[Result "0-1"]
[WhiteTitle "FM"]
[BlackTitle "IM"]
[WhiteElo "2174"]
[BlackElo "2410"]
[WhiteFideId "4606400"]
[BlackFideId "4192826"]
[EventDate "2025.06.03"]

1. e4 e5 2. Nf3 d5 3. Nxe5 Bd6 4. d4 dxe4 5. Nc4 Nc6 6. d5 Nce7 7. Nxd6+ Qxd6 8.
c4 Bf5 9. Nc3 a6 10. Be3 Nf6 11. Qd2 Ng6 12. h3 O-O 13. Be2 Rfe8 14. g4 Bc8 15.
O-O-O Nd7 16. f4 exf3 17. Bxf3 Nge5 18. Be2 b6 19. b3 Qa3+ 20. Kb1 Qf8 21. Bd4
Nc5 22. Rhe1 Ng6 23. Bf3 Bd7 24. Ne4 Nxe4 25. Bxe4 Qd6 26. Qc3 f6 27. Qd3 Ne5
28. Bxh7+ Kh8 29. Bxe5 Rxe5 30. Bg6 Be8 31. Rxe5 Qxe5 32. Qd2 Bxg6+ 33. Kc1 Qa1# 0-1